Vista normal
Vista MARC
Entrada Nombre corporativo
Número de registros utilizados en: 2
001 - NÚMERO DE CONTROL
- campo de control: 6287
003 - IDENTIFICADOR DEL NÚMERO DE CONTROL
- campo de control: BIBLIOTECA DE LA MUNICIPALIDAD DE BARRANCO
005 - FECHA Y HORA DE LA ÚLTIMA TRANSACCIÓN
- campo de control: 20250110164731.0
008 - DATOS DE LONGITUD FIJA
- campo de control de longitud fija: 250110|| aca||aabn | a|a d
040 ## - FUENTE DE LA CATALOGACIÓN
- Centro catalogador/agencia de origen: BIBLIOTECA DE LA MUNICIPALIDAD DE BARRANCO
110 ## - ENCABEZAMIENTO-NOMBRE DE ENTIDAD CORPORATIVA
- Nombre de entidad corporativa o nombre de jurisdicción como elemento de entrada: Centro de Estudios para el Desarrollo y la Participación (Perú)





